<?xml version="1.0" encoding="UTF-8"?>
<record
    xmlns:xsi="http://www.w3.org/2001/XMLSchema-instance"
    xsi:schemaLocation="http://www.loc.gov/MARC21/slim http://www.loc.gov/standards/marcxml/schema/MARC21slim.xsd"
    xmlns="http://www.loc.gov/MARC21/slim">

  <leader>01735cam a22002655a 4500</leader>
  <controlfield tag="001">17985876</controlfield>
  <controlfield tag="005">20151111131609.0</controlfield>
  <controlfield tag="008">131227t2015    paua   fr     000 0 eng d</controlfield>
  <datafield tag="020" ind1=" " ind2=" ">
    <subfield code="a">9781469845357</subfield>
  </datafield>
  <datafield tag="020" ind1=" " ind2=" ">
    <subfield code="a">1469845350</subfield>
  </datafield>
  <datafield tag="040" ind1=" " ind2=" ">
    <subfield code="a">DNLM/DLC</subfield>
    <subfield code="c">DLC</subfield>
    <subfield code="d">DLC</subfield>
    <subfield code="d">EG-ScBUE</subfield>
    <subfield code="b">eng</subfield>
  </datafield>
  <datafield tag="082" ind1="0" ind2="4">
    <subfield code="a">610.730693076</subfield>
    <subfield code="2">22</subfield>
    <subfield code="b">RUP</subfield>
  </datafield>
  <datafield tag="100" ind1="1" ind2=" ">
    <subfield code="a">Rupert, Diana L.</subfield>
    <subfield code="9">38722</subfield>
  </datafield>
  <datafield tag="245" ind1="1" ind2="0">
    <subfield code="a">Lippincott NCLEX-PN alternate format questions /</subfield>
    <subfield code="c">Diana L. Rupert.</subfield>
  </datafield>
  <datafield tag="246" ind1="3" ind2="0">
    <subfield code="a">NCLEX-PN alternate format questions</subfield>
  </datafield>
  <datafield tag="250" ind1=" " ind2=" ">
    <subfield code="a">3rd ed.</subfield>
  </datafield>
  <datafield tag="260" ind1=" " ind2=" ">
    <subfield code="a">Philadelphia :</subfield>
    <subfield code="b">Wolters Kluwer Health,</subfield>
    <subfield code="c">c.2015.</subfield>
  </datafield>
  <datafield tag="300" ind1=" " ind2=" ">
    <subfield code="a">vii, 302 p. :</subfield>
    <subfield code="b">ill. ;</subfield>
    <subfield code="c">26 cm.</subfield>
  </datafield>
  <datafield tag="500" ind1=" " ind2=" ">
    <subfield code="a">Preceded by: NCLEX-PN 250 new-format questions. 2nd ed. 2006.</subfield>
  </datafield>
  <datafield tag="520" ind1=" " ind2=" ">
    <subfield code="a">"The new 3rd edition of Lippincott's NCLEX-PN Alternate-Format Questions helps you prepare with confidence for every type of question on the NCLEX exam. This new edition addresses all the alternate-format question types--multiple-response questions, fill-in-the-blank questions, exhibit/chart questions, drag and drop questions, "hot spot" questions, graphic option questions, and audio questions (online only)--in the same style and format as those used on the current NCLEX-PN test plan. Each question also has a critical thinking test-taking strategy and the applicable integrated process. Fully updated, and with more than 400 questions - including a 120-question comprehensive exam that contains 25% alternate format questions - this essential study resource provides more questions than any other NCLEX book of its kind!"--Provided by publisher.</subfield>
  </datafield>
  <datafield tag="650" ind1=" " ind2="7">
    <subfield code="a">Practical nursing</subfield>
    <subfield code="z">United States</subfield>
    <subfield code="v">Examination Questions.</subfield>
    <subfield code="2">BUEsh</subfield>
    <subfield code="9">38723</subfield>
  </datafield>
  <datafield tag="651" ind1=" " ind2=" ">
    <subfield code="2">BUEsh</subfield>
  </datafield>
  <datafield tag="653" ind1=" " ind2=" ">
    <subfield code="b">NNUR</subfield>
    <subfield code="c">August2015</subfield>
    <subfield code="c">November2015</subfield>
  </datafield>
  <datafield tag="942" ind1=" " ind2=" ">
    <subfield code="2">ddc</subfield>
  </datafield>
  <datafield tag="999" ind1=" " ind2=" ">
    <subfield code="c">20576</subfield>
    <subfield code="d">20548</subfield>
  </datafield>
  <datafield tag="952" ind1=" " ind2=" ">
    <subfield code="0">0</subfield>
    <subfield code="1">0</subfield>
    <subfield code="2">ddc</subfield>
    <subfield code="4">0</subfield>
    <subfield code="7">0</subfield>
    <subfield code="8">Baccah</subfield>
    <subfield code="a">MAIN</subfield>
    <subfield code="b">MAIN</subfield>
    <subfield code="c">1ST</subfield>
    <subfield code="d">2015-08-18</subfield>
    <subfield code="e">Purchase</subfield>
    <subfield code="g">323.00</subfield>
    <subfield code="h">21764</subfield>
    <subfield code="l">6</subfield>
    <subfield code="m">70</subfield>
    <subfield code="o">610.730693076 RUP</subfield>
    <subfield code="p">000039796</subfield>
    <subfield code="r">2025-07-15 00:00:00</subfield>
    <subfield code="s">2023-07-24</subfield>
    <subfield code="v">404.00</subfield>
    <subfield code="y">BB</subfield>
  </datafield>
</record>
